Engaged Buddhism : (Record no. 27807)

MARC details
000 -LEADER
fixed length control field 01002nam a22002654a 4500
005 - DATE AND TIME OF LATEST TRANSACTION
control field 20090623152121.0
008 - FIXED-LENGTH DATA ELEMENTS--GENERAL INFORMATION
fixed length control field 060525s2006 ii b 001 0 eng
010 ## - LCCN (DPL NO)
LC control number ENG-94198
020 ## - INTERNATIONAL STANDARD BOOK NUMBER
International Standard Book Number 9780198062486
Terms of availability 250.00
020 ## - INTERNATIONAL STANDARD BOOK NUMBER
International Standard Book Number 0198062486
Terms of availability 250.00
035 ## - SYSTEM CONTROL NUMBER
System control number EN-77731
037 ## - SOURCE OF ACQUISITION
Source of stock number/acquisition DBAD / PUB
040 ## - CATALOGING SOURCE
Original cataloging agency dpl
Language of cataloging English
082 ## - DEWEY DECIMAL CLASSIFICATION NUMBER
Classification number 250.61
100 ## - MAIN ENTRY--PERSONAL NAME
Personal name Puri, Bharati
245 ## - TITLE STATEMENT
Title Engaged Buddhism :
Remainder of title the Dalai Lama's worldview /
Statement of responsibility, etc by Bharati Puri.
260 ## - PUBLICATION, DISTRIBUTION, ETC. (IMPRINT)
Place of publication, distribution, etc New Delhi
Name of publisher, distributor, etc Oxford University Press
Date of publication, distribution, etc 2009
270 ## - ADDRESS
Address YMCA Library Building, Jai Singh Road,
City New Delhi
Postal code 110001
300 ## - PHYSICAL DESCRIPTION
Extent viii, 255 p. ;
Dimensions 22cm(pbk)
500 ## - GENERAL NOTE
General note Includes bibliographical references and index
650 ## - SUBJECT ADDED ENTRY--TOPICAL TERM
Topical term or geographic name as entry element Buddhism
General subdivision Doctrines.
650 ## - SUBJECT ADDED ENTRY--TOPICAL TERM
Topical term or geographic name as entry element Buddhism and politics
942 ## - ADDED ENTRY ELEMENTS (KOHA)
Source of classification or shelving scheme Dewey Decimal Classification
Item type English Books
Call number suffix PUR
Classification part 250.61
Holdings
Withdrawn status Lost status Source of classification or shelving scheme Damaged status Not for loan Collection code Home library Current library Date acquired Source of acquisition Cost, normal purchase price Total Checkouts Full call number Barcode Date last seen Copy number Cost, replacement price Koha item type
    Dewey Decimal Classification   Not For Loan Non-fiction D.B.Act.Division D.B.Act.Division 23/06/2009 DBAD / PUB 250.00   250.61 PUR EN-77731 23/06/2009 1 250.00 English Books

© Delhi Public Library
Hit Counter
free hit counter